000 00305nam a22001217a 4500
999 _c5072
_d5072
008 250516b ||||| |||| 00| 0 eng d
020 _a9781502621467
082 _a946 MAT
100 _aMATTERN,JOANNE
_eAUTHOR
245 _aSPAIN
260 _aNEW YORK
_bCAVENDISH SQUARE PUBLISHING LLC
_c2017
942 _2ddc